| 000 | 00499nam a2200133 a 4500 | ||
|---|---|---|---|
| 001 | 000038734 | ||
| 005 | 20201002031343.0 | ||
| 008 | 130419s1994 dr 000 0 spa d | ||
| 040 |
_aDO-SdBNP _bspa _cBNPHU |
||
| 110 | 1 |
_aRepública Dominicana _bInstituto Agrario Dominicano _965040 |
|
| 245 | 1 | 3 |
_aLa reforma agraria en El Caribe : _bsu inserción en los procesos de cooperación e integración caribeños /. |
| 260 |
_aSanto Domingo : _bInstituto Agrario Dominicano, _c1994. |
||
| 300 |
_a32 p. ; _c22 cm. |
||
| 999 |
_c38224 _d38224 |
||